Gaming Quiz

Random Gaming or Video Games Quiz

Mindcrack Members Quiz Stats

 Plays Quiz not verified by Sporcle

Challenge
Share
Tweet
Embed
Score 0/30 Timer 10:00
0 Plays Today
% Correct
Etho
89.5%
Guude
89.5%
AnderZEL
85.5%
PauseUnpause
84.2%
VintageBeef
84.2%
Pyropuncher
82.9%
Docm77
80.3%
Nebris
80.3%
SethBling
78.9%
W92Baj
78.9%
Adlingtont
77.6%
Arkas
77.6%
Aureylian
77.6%
AvidyaZEN
77.6%
Generikb
77.6%
% Correct
MCGamer
77.6%
BdoubleO100
75%
Kurtmac
75%
Zisteau
75%
Paulsoaresjr
73.7%
Vechs
73.7%
Pakratt0013
72.4%
BlametheController
71.1%
OMGChad
68.4%
Millbee
67.1%
Coestar
65.8%
Mhykol
65.8%
Jsano19
63.2%
Sevadus
56.6%
thejims
56.6%

You're not logged in!

Compare scores with friends on all Sporcle quizzes.
OR
Log In

You Might Also Like...

Show Comments

Extras

Top Quizzes Today


Score Distribution

Your Account Isn't Verified!

In order to create a playlist on Sporcle, you need to verify the email address you used during registration. Go to your Sporcle Settings to finish the process.

Report this User

Report this user for behavior that violates our Community Guidelines.

Details: